000 00272nam a22001217a 4500
008 170511b xxu||||| |||| 00| 0 eng d
041 _aeng
080 _23 ED
_a34
100 _a15
101 _aSHJ
245 _aESSENTIALS OF THE LEGAL
_cMILLER.R.L
942 _2udc
_cBK
999 _c13229
_d13229